Top 100 WWE wrestlers of all time - Statistics

General Stats
  • This quiz has been taken 619 times
  • The average score is 56 of 101
Answer Stats
Hint Answer % Correct
x16 world champion John Cena
97%
Nickname: the dead man Undertaker
97%
Finisher: chokeslam Kane
94%
hollywood actor The Rock
94%
RKO Randy Orton
93%
held the universal champion for 1316 days Roman Reigns
92%
Finisher: sweet chin music Shawn Michaels
92%
x14 world champion Triple H
91%
ended Undertaker wrestelmania streak Brock Lesnar
90%
betrayed his shield brothers Seth Rollins
90%
Beat Roman Reigns at Wrestelmania 41 Cody Rhodes
89%
Wooooh Ric Flair
88%
619 Rey Mysterio
87%
x3 royal rumble winner Steve Austin
87%
retired TV personality Hulk Hogan
85%
world's strongest man Mark Henry
84%
world's largest athlete Big Show
83%
he is an olympic gold medalist Kurt Angle
82%
he is awesome The Miz
82%
paint face on his face Jeff Hardy
80%
Nickname: the animal Batista
79%
brother of the above Jey Uso
78%
known for his finisher the sharpshooter Bret Hart
77%
Yes, yes, yes Daniel Bryan
77%
Nickname: the lunatic fringe Dean Ambrose
77%
Macho Man Randy Savage
77%
he is phenomenal AJ Styles
76%
known for his incredible stunts at the royal rumble Kofi Kingston
76%
Daughter of Ric Flair Charlotte Flair
75%
rival of Drew Mcintyre CM Punk
74%
x11 WWE champion Edge
74%
father of the usos Rikishi
74%
wife of Seth Rollins Becky Lynch
71%
known for his fiend version Bray Wyatt
71%
I lie, I cheat, I steal Eddie Guerrero
71%
CEO of WWE Vince Mcmahon
71%
power house of the New Day Big E
70%
won the 2012 royal rumble Sheamus
70%
brother of Cody Rhodes Goldust
69%
brother of the above Owen Hart
68%
son of Vince Mcmahon Shane Mcmahon
67%
known for his hell in a cell match vs Undertaker Mankind
66%
x9 WWE intercontinental champion Chris Jericho
64%
son of Rikishi Jimmy Uso
64%
known also for his demon version Finn Balor
63%
the shortest time to beat Brock Lesnar Goldberg
61%
Also known as Diesel Kevin Nash
61%
won the 2004 royal rumble Chris Benoit
60%
woken Matt Hardy
59%
known for being king of the ring Booker T
58%
captain charisma Christian
58%
took the WWE champion from Brock Lesnar in 2020 Drew Mcintyre
58%
The father of the above Dusty Rhodes
56%
Won the 1993 royal rumble Yokozuna
55%
x4 WWE women's champion Lita
54%
wassup R Truth
54%
236 kg Andre The Giant
53%
monster among men Braun Strowman
53%
Nickname: The Boss Sasha Banks
53%
won the 2011 royal rumble Alberto Del Rio
51%
also known as Razor Ramon Scott Hall
51%
wife of Edge Beth Phoenix
50%
Ronda Rousey's idol Roddy Piper
50%
won the 2024 women's royal rumble Bayley
48%
came from UFC Ronda Rousey
47%
won the 2018 royal rumble Shinsuke Nakamura
47%
part of the samoan family Umaga
47%
won the first ever women's royal rumble Asuka
46%
won the first ever Andre The Giant memorial battle royale Cesaro
46%
the show off Dolph Ziggler
42%
Nickname: The dragon Ricky Steamboat
41%
x7 WWE women's champion Trish Stratus
41%
highest rated women in 2k24(96) Rhea Ripley
40%
he is half Canadian, half Syrian Sami Zayn
39%
also known for his commentator career JBL
37%
the camel clutch maneuver The Iron Sheik
36%
he always fights Kevin Owens
35%
known for his unescapable submission Bobby Lashley
34%
Natalya's father Jim Neidhart
33%
known for his duo: the british bulldogs British Bulldog
32%
greatest highflyer of all time Rob Van Dam
32%
won the 1989 royal rumble Big John Stud
30%
first ever women to hold smackdown and raw women's championship Alexa Bliss
27%
known for defeating Jeff Jarrett Chyna
27%
x21 WWE tag team champ Bubba Ray Dudley
26%
x21 WWE tag team champ D-von Dudley
23%
2nd longest reign as WWE champion(after Hulk Hogan) Bob Backlund
22%
uncle of the rock Jimmy Snuka
21%
undefeated for a year(1988) Mr.Perfect
20%
created the royal rumble Pat Patterson
16%
headlined wrestelmania in 1991 Slaughter
16%
most hated in WWE history Ted Dibiase
16%
she is also a singer and actress Mickie James
12%
x4 WWE world champion Rick Rude
12%
first ever WWE triple crown champion Pedro Morales
9%
one of the first wrestlers to slam Andre The Giant Ax
7%
partner of the above Smash
6%
x9 WWE world champion Harley Race
4%
longevity of his career Terry Funk
4%
retired school teacher Tito Santana
4%
tag team specialist Arn Anderson
2%
No matching quizzes found
Score Distribution
Percent of People with Each Score
Percentile by Number Answered
Your Score History
You have not taken this quiz